000
00306nam a22001337a 4500
008
180806b xxu||||| |||| 00| 0 eng d
082
_a
813.52
245
_a
Wheels Exquisite, Incorporated
_c
Mansuetti,L
260
_c
2002
300
_a
1
_f
CD
440
_x
0072426314
760
_b
2nd
942
_2
ddc
_c
MX
999
_c
46876
_d
46876